000 00569nam a2200217Ia 4500
003 OSt
005 20220926005255.0
006 a|||||r|||| 00| 0
007 ta
008 220923b |||||||| |||| 00| 0 hin d
037 _cGeneral Book
040 _aRTL
_cRTL
_bhin
041 _2hin
_ahin
082 _aQ29M8.2,d, K1
245 0 _aSARVDESHIK SABHA ke nirnay
260 _a New Delhi
_bSarvadeshik Sabha India
_c1961
300 _a70p
_ccm.
650 _aHinduism
_98459
942 _hQ29M8.2,d, K1
_cGB
_2CC
999 _c613392
_d613392